Handbook of industrial engineering: technology and operations management

Uloženo v:
Podrobná bibliografie
Hlavní autor: Salvendy, Gavriel (Autor)
Médium: Kniha
Jazyk:angličtina
Vydáno: Nueva York John Wiley 2001
Vydání:3a. ed
Témata:
Tagy: Přidat tag
Žádné tagy, Buďte první, kdo vytvoří štítek k tomuto záznamu!

MARC

LEADER 00000nam a2200000 a 4500
001 UCM2163
003 CL-VaPUC
008 020425e20010000US |||||||||||||||||eng|d
082 0 4 |a 658.4  |b SAL  |2 21 
100 0 |a Salvendy, Gavriel  |e author  |9 468911 
245 1 0 |a Handbook of industrial engineering: technology and operations management 
250 |a 3a. ed 
300 |a 2796 p 
942 |c BK 
945 |d 20020425 00:00:00  |a vberengu 
260 |a Nueva York  |b John Wiley  |c 2001 
650 7 |a INGENIERIA INDUSTRIAL - MANUALES  |2 CL-VaPUC  |9 330249 
650 0 |a Tecnología de la información   |9 254825 
650 0 |a Producción   |9 263680 
650 7 |a ERGONOMIA  |2 CL-VaPUC  |9 357101 
650 0 |a Toma de decisiones   |9 257530 
583 |a last modification  |c 20020425 00:00:00  |k Rodrigo Vera 
999 |c 300141  |d 300139 
952 |0 0  |1 0  |4 0  |6 658_400000000000000_SAL_2001  |7 0  |8 F  |9 357485  |a BIBING  |b BIBING  |d 2019-11-21  |i 3811298  |o 658.4 SAL 2001  |p 3811298  |r 2025-01-20  |w 2019-11-21  |y BK_F  |k EII 
952 |0 0  |1 0  |4 0  |6 658_400000000000000_SAL_2001  |7 0  |8 F  |9 357486  |a BIBING  |b BIBING  |d 2019-11-21  |i 3871886  |o 658.4 SAL 2001  |p 3871886  |r 2025-01-20  |w 2019-11-21  |y BK_F  |k TRA 
952 |0 0  |1 0  |4 0  |6 658_400000000000000_SAL_2001  |7 0  |8 F  |9 357487  |a BIBING  |b BIBING  |d 2019-11-21  |i 445698K  |o 658.4 SAL 2001  |p 445698K  |r 2025-01-20  |w 2019-11-21  |y BK_F  |k EII